<?xml version="1.0" encoding="UTF-8"?><?xml-stylesheet type="text/xsl" href="static/style.xsl"?><OAI-PMH xmlns="http://www.openarchives.org/OAI/2.0/" xmlns:xsi="http://www.w3.org/2001/XMLSchema-instance" xsi:schemaLocation="http://www.openarchives.org/OAI/2.0/ http://www.openarchives.org/OAI/2.0/OAI-PMH.xsd"><responseDate>2026-04-17T01:14:52Z</responseDate><request verb="GetRecord" identifier="oai:www.recercat.cat:2445/140644" metadataPrefix="marc">https://recercat.cat/oai/request</request><GetRecord><record><header><identifier>oai:recercat.cat:2445/140644</identifier><datestamp>2025-12-05T21:22:36Z</datestamp><setSpec>com_2072_1057</setSpec><setSpec>col_2072_478797</setSpec><setSpec>col_2072_478917</setSpec></header><metadata><record xmlns="http://www.loc.gov/MARC21/slim" xmlns:dcterms="http://purl.org/dc/terms/" xmlns:xsi="http://www.w3.org/2001/XMLSchema-instance" xmlns:doc="http://www.lyncode.com/xoai" xsi:schemaLocation="http://www.loc.gov/MARC21/slim http://www.loc.gov/standards/marcxml/schema/MARC21slim.xsd">
   <leader>00925njm 22002777a 4500</leader>
   <datafield ind2=" " ind1=" " tag="042">
      <subfield code="a">dc</subfield>
   </datafield>
   <datafield ind2=" " ind1=" " tag="720">
      <subfield code="a">Reniu, Josep M. (Josep Maria)</subfield>
      <subfield code="e">author</subfield>
   </datafield>
   <datafield ind2=" " ind1=" " tag="260">
      <subfield code="c">2019-09-20T11:30:28Z</subfield>
   </datafield>
   <datafield ind2=" " ind1=" " tag="260">
      <subfield code="c">2019-09-20T11:30:28Z</subfield>
   </datafield>
   <datafield ind2=" " ind1=" " tag="260">
      <subfield code="c">2013-12-10</subfield>
   </datafield>
   <datafield ind2=" " ind1=" " tag="260">
      <subfield code="c">2019-09-20T11:30:28Z</subfield>
   </datafield>
   <datafield ind2=" " ind1=" " tag="520">
      <subfield code="a">El artículo examina la validez de las certezas existentes sobre los procesos de implantación de soluciones de voto electrónico. Para ello, primero discute cuál debe ser la correcta aproximación al uso de las tecnologías de la información y la comunicación (TIC) en el contexto político-electoral; luego realiza un somero repaso de los malentendidos más habituales sobre el voto electrónico. El cuerpo central del artículo revisa y discute aquellas certezas que, en estudios anteriores y a tenor de los desarrollos recientes, se han puesto de manifiesto en torno a la utilización de soluciones de voto electrónico.</subfield>
   </datafield>
   <datafield ind2=" " ind1=" " tag="520">
      <subfield code="a">This article discusses the validity of existing certainties of the implementation of processes of electronic voting solutions. First, it discusses what should be the correct approach to the use of ICTs &#xd;
in the political-electoral context, later it makes a brief review of the most common misunderstandings about electronic voting. The main body of this article reviews and discusses those certainties that in previous studies and recent developments have been revealed around the use of electronic voting solutions.</subfield>
   </datafield>
   <datafield tag="653" ind2=" " ind1=" ">
      <subfield code="a">Vot electrònic</subfield>
   </datafield>
   <datafield tag="653" ind2=" " ind1=" ">
      <subfield code="a">Tecnologia de la informació</subfield>
   </datafield>
   <datafield tag="653" ind2=" " ind1=" ">
      <subfield code="a">Electronic voting</subfield>
   </datafield>
   <datafield tag="653" ind2=" " ind1=" ">
      <subfield code="a">Information technology</subfield>
   </datafield>
   <datafield ind2="0" ind1="0" tag="245">
      <subfield code="a">Reconsiderando las certezas sobre la introducción de sistemas de voto electrónico.</subfield>
   </datafield>
</record></metadata></record></GetRecord></OAI-PMH>